2003, základné dielo, stav - júl

Salvato in:
Dettagli Bibliografici
Natura: Periodico
Lingua:slovacco
Pubblicazione: Bratislava : Verlag Dashöfer, 2004
Soggetti:
Tags: Aggiungi Tag
Nessun Tag, puoi essere il primo ad aggiungerne!!

MARC

LEADER 00000nas a22000003a 4500
001 stu86010
005 20150408161402.9
008 040421s2004----xo------------------slo-d
040 |a STU  |b slo 
041 0 |a slo 
044 |a xo 
080 |a 658.56 
245 |a 2003, základné dielo, stav - júl 
260 |a Bratislava :  |b Verlag Dashöfer,  |c 2004 
300 |a CD 
650 7 |a kvalita  |2 stusub 
773 0 |t Technické požiadavky na výrobky, posudzovanie a preukazovanie zhody  |w stu_us_cat*stu82383  |7 nnas 
996 |b 284M059411  |c M*CD-465  |d 2004, aktuálny stav: apríl, 2004  |v 2004  |i aktuálny stav: apríl  |y 2004  |l MMKN  |s A  |a 24  |w stu86010_0001